000 00470nam a2200169Ia 4500
005 20260429112005.0
008 260429s9999||||xx |||||||||||||| ||und||
020 _a9798888365458
041 _aEnglish
082 _a510
_bPAR
100 _aParrish, Dennis
245 0 _aIndustrial and applied mathematics :
_brecent trends /
_cDennis Parrish
260 _aNew York :
_bLarsen and Keller,
_c2025.
300 _avii, 239 p.; hb
650 _aMathematics
942 _cTB
999 _c51779
_d51779